00600nam a22001937a 450000500170000001000150001702000260003203500130005803700130007108200130008410000190009724500880011626000310020427000830023530000270031850000190034570000210036470000210038520151207160120.0 aENG-114281 c795.00a9788180387340 aEN-97813 bDBAD/PUB a347.5409 aMarkanda, P.C. aArbitration step by step /cby P.C. Markanda, Naresh Markanda [and] Rajesh Markanda aGurgaonbLexisNexis c2012 a14th Floor, Building No.10, Tower-B, DLF Cyber City, Phase IIbGurgaone122002 alxviii,455p.c25cm(Hb) aIncludes index aMarkanda, Naresh aMarkanda, Rajesh